000 00316nam a2200133Ia 4500
005 20260328104256.0
008 260328s9999||||xx |||||||||||||| ||und||
100 _aFletcher, Alan
245 4 _aThe Art of looking sideways /
_cAlan Fletcher
260 _bPhaidon
300 _a532 p.
650 _aARTE
942 _cBK
999 _c10427
_d10427